000
003250000a22001450004500
003
MACL
040
_a
MACL
090
_c
1789
_d
1789
100
_a
Kharbanda, Birinder Singh
245
_a
Sikh
_b
The Guru's Perspective
260
_a
New Delhi
_b
First Edition
_c
2005
350
_a
175
650
_a
Religion
942
_c
BOOK
_k
294.6
999
_c
1776
_d
1776